000 00222nam a2200097Ia 4500
008 240331s9999 xx 000 0 und d
082 _bFEM
100 _aButler, J. ed
245 0 _aFeministstheorize the political
942 _cL
999 _c1758
_d1758